| 000 | 02649nam a2200469 a 4500 | ||
|---|---|---|---|
| 003 | CHAP | ||
| 005 | 20251125110234.0 | ||
| 007 | cr ||||||a|c|a | ||
| 008 | 110124s2010 mx r 00010 spa d | ||
| 035 | _a111992 | ||
| 040 | _cCHAP | ||
| 090 | _aTesis | ||
| 100 | 1 |
_aCarrillo Arévalo, Katia Navid. _919452 |
|
| 245 | 1 | 0 |
_aAnálisis técnico - financiero y de impacto social ante el rápido crecimiento que se desarrolla en cafeterías del área metropolitana de México / _cpor Katia Navid Carrillo Arévalo; director de tesis Gabriel Martínez Mendoza. |
| 264 | 1 |
_aChapingo, Méx. : _bEl autor, _c2010. |
|
| 300 |
_a1 recurso en línea (64 páginas) : _bcuadros, figuras. _c2010. |
||
| 336 |
_2rdacontent _atexto _btxt |
||
| 337 |
_2rdamedia _acomputadora _bc |
||
| 338 |
_2rdacarrier _arecursos en línea _bcr |
||
| 502 |
_bIA _cAgroindustrias _d2020. _gLIC |
||
| 520 | _aEn México el café es un fruto de importancia por los ingresos que genera al país así como sus propiedades benéficas, el tipo de productores que en su mayoría son indígenas, el consumo que en los últimos años ha ido incrementando y la variedad de productos que se pueden elaborar a partir de este fruto y poder generar un valor agregado. Actualmente negocios relacionados con el consumo de café están generando una mayor demanda de mercado de este producto y a su vez una importante fuente de empleos. El análisis Técnico-Financiero nos permite conocer si el proyecto es o no rentable ya que considera factores de consumo como preferencias, gustos, costumbres, etc. Cada tendencia de consumo se debe analizar e identificar el factor que esta propiciando su demanda, para poder actuar ante las necesidades de los consumidores. | ||
| 590 |
_aALEPH _b10 _c20130110 |
||
| 590 |
_aBATCH-UPD _b10 _c20130110 |
||
| 590 |
_aBATCH-UPD _b10 _c20130410 |
||
| 590 |
_aBATCH-UPD _b10 _c20130914 |
||
| 590 |
_aBATCH-UPD _b10 _c20140324 |
||
| 590 |
_aBATCH-UPD _b10 _c20141002 |
||
| 590 |
_aBATCH _b00 _c20181121 |
||
| 590 |
_aCONVERSION _b10 _c20130109 |
||
| 650 | 1 | 4 |
_aCafé _xConsumo. _917118 |
| 650 | 1 | 4 |
_aCafé _xMercadeo _zMéxico. _917173 |
| 650 | 1 | 4 | _aDesarrollo económico. |
| 650 | 1 | 4 |
_aDesarrollo social _xDiscursos, ensayos y conferencias. _932079 |
| 700 | 1 |
_aMartínez Mendoza, Gabriel _eDirector de tesis. _972281 |
|
| 856 |
_uhttp://10.13.5.2/tesis/111992.pdf _zDESCARGAR PDF |
||
| 901 | _aBK | ||
| 942 |
_cTD _2Clasificación Universidad Autónoma Chapingo |
||
| 949 |
_bBC _cTES _d33724002229389 _eTS2 _fc.2 _gDonaciØn _h51870 _i111992 _sb |
||
| 949 |
_bBC _cTES _d33724002229421 _eTS1 _gDonaciØn _h51869 _i111992 _sb |
||
| 999 |
_c100333 _d100333 |
||